Limburg Province Quiz (Belgium) - Statistics

General Stats
  • This quiz has been taken 46 times
  • The average score is 7 of 10
Answer Stats
Hint Answer % Correct
Limburg borders this country Netherlands
97%
Which language do they speak in Limburg Dutch
95%
Which country owns the province Limburg? Belgium
92%
Which province borders Limburg and starts with A? Antwerp
84%
Which Walloon province borders Limburg? Liège
81%
What is the capital of Limburg? Hasselt
76%
Type a Limburgish city that starts with "Maas" Maasmechelen | Maaseik
73%
Which province borders Limburg and starts with F? Flemish Brabant
46%
Which city does not border a other Limburgish city? Voeren
35%
What is the closest non-bordering Province of Limburg? Walloon Brabant
22%
No matching quizzes found
Score Distribution
Percent of People with Each Score
Percentile by Number Answered
Your Score History
You have not taken this quiz